Statystyki dla Rozpoznaj rodzaje produktów do makijażu

Kliknij tutaj aby rozwiązać quiz!

Ogólne statystyki

  • Ten quiz został rozwiązany 146 razy
  • Średni wynik to 12 z 16

Statystyki odpowiedzi

Odpowiedź% Poprawnych
pomadka / szminka
100%
błyszczyk
95%
mascara / tusz do rzęs
93%
puder
92%
róż
92%
podkład / podkład do twarzy
91%
rozświetlacz / rozświetlacz do twarzy/iluminator
84%
sztuczne rzęsy
83%
kredka do oczu / eyeliner w kredce
82%
korektor / korektor pod oczy
80%
kredka do brwi / szczotka do brwi
80%
konturówka / kredka do ust
75%
paleta cieni do oczu / cienie do powiek / cień do powiek / cienie do oczu / cień do oczu / cienie na powieki / cień na powieki
73%
baza / baza pod makijaż / primer
50%
eyeliner w pisaku
18%
brozer / puder brazujący/
5%

Rozkład punktacji

Percentyl według liczby udzielonych odpowiedzi

Procent ludzi z każdym wynikiem

Twoja historia wyników

Nie rozwiązałeś tego quizu